000 00493nam a22001697a 4500
005 20250317155733.0
008 250317b |||||||| |||| 00| 0 eng d
020 _a9780070264335
050 _aHM586
_b.W58 WIT
100 _aWitt Jon
245 _aSOC:
_bA matter of perspective/
_cJon Witt & Alana J. Hermiston
260 _aToronto
_bMcGraw-Hill/Ryerson
_c2010
300 _axiii. 402p.
_bill. (some col.)
_c22 cm
650 _2Sociology
700 _aHermiston Alana J.
942 _2lcc
_cBK
_n0
999 _c4881
_d4881